|
|
|
|
| LEADER |
00000nam0a2200000 4500 |
| 001 |
289954 |
| 005 |
20231031235803.0 |
| 020 |
|
|
|a RU
|b 83-78748
|
| 035 |
|
|
|a (RuTPU)RU\TPU\book\314482
|
| 090 |
|
|
|a 289954
|
| 100 |
|
|
|a 20150403d1983 km y0rusy5003 ca
|
| 101 |
0 |
|
|a rus
|
| 102 |
|
|
|a KZ
|
| 105 |
|
|
|a a z 011zy
|
| 200 |
1 |
|
|a Вопросы рудной и нефтяной геофизики
|e межвузовский сборник научных трудов
|f Казахский политехнический институт (КазПТИ) ; под ред. А. А. Непомнящих
|
| 210 |
|
|
|a Алма-Ата
|c Изд-во КазПТИ
|d 1983
|
| 215 |
|
|
|a 94 с.
|c ил.
|
| 300 |
|
|
|a Посвящается 60-летию образования СССР
|
| 320 |
|
|
|a Библиография в конце статей
|
| 610 |
1 |
|
|a рудная геофизика
|
| 610 |
1 |
|
|a нефтяная геофизика
|
| 610 |
1 |
|
|a Казахстан
|
| 610 |
1 |
|
|a сейсмичность
|
| 610 |
1 |
|
|a плотностные свойства
|
| 610 |
1 |
|
|a океаническая кора
|
| 610 |
1 |
|
|a модели
|
| 610 |
1 |
|
|a мантия
|
| 610 |
1 |
|
|a магниторазведка
|
| 610 |
1 |
|
|a магнитные поля
|
| 610 |
1 |
|
|a электроразведка
|
| 675 |
|
|
|a 550.83
|z rus
|v 3
|
| 702 |
|
1 |
|a Непомнящих
|b А. А.
|g Анатолий Афанасьевич
|4 340
|
| 712 |
0 |
2 |
|a Казахский политехнический институт (КазПТИ)
|c (1960-1994)
|c (Алма-Ата)
|2 stltpush
|3 (RuTPU)RU\TPU\col\316
|
| 801 |
|
0 |
|a RU
|b RuMRKP
|c 19950704
|g psbo
|
| 801 |
|
1 |
|a RU
|b 63413507
|c 20150403
|
| 801 |
|
2 |
|a RU
|b 63413507
|c 20181122
|g RCR
|
| 942 |
|
|
|c BK
|